000 00365nam a22001577a 4500
003 MPLRDC
005 20220104114222.0
008 210129b ||||| |||| 00| 0 eng d
082 _a782.886 HYW
100 _a闻风
245 _a新侍卫官杂记
_c
260 _a
_b星河出版社
_c1989
300 _b
650 _a林彪传记
942 _cBK
_o782.886 HYW
999 _c5762
_d5752